000
002940000a22000970004500
100
1
_a
Weston, Paul
245
1
0
_a
Pathways to faith : Reflections on congreagtional evangelism
300
_a
Vol. 16, Num. 1 (1998), Páginas 45-57
773
0
_t
Scottish Bulletin of Evangelical Theology
942
_c
ANA
999
_c
55747
_d
55747